• AIU
  • Tony Wilmot Memorial Library

The use of particle Ne in the Dinka language / (Record no. 37893)

MARC details
000 -LEADER
fixed length control field 00446nam a22001571a 4500
003 - CONTROL NUMBER IDENTIFIER
control field NEGST
005 - DATE AND TIME OF LATEST TRANSACTION
control field 20110718132605.0
008 - FIXED-LENGTH DATA ELEMENTS--GENERAL INFORMATION
fixed length control field 030714s2000 001 0 eng d
100 1# - MAIN ENTRY--PERSONAL NAME
Personal name Liol, Ramadan Chan.
245 14 - TITLE STATEMENT
Title The use of particle Ne in the Dinka language /
Statement of responsibility, etc Ramadan Chan Liol.
Medium [Text]
260 ## - PUBLICATION, DISTRIBUTION, ETC. (IMPRINT)
Place of publication, distribution, etc Nairobi
Name of publisher, distributor, etc NEGST
Date of publication, distribution, etc 2000
300 ## - PHYSICAL DESCRIPTION
Extent vii, 32p.
500 ## - GENERAL NOTE
General note Includes bibliography.
590 ## - LOCAL NOTE (RLIN)
Local note Accession number: 30062
Holdings
Withdrawn status Lost status Source of classification or shelving scheme Damaged status Not for loan Collection code Home library Current library Shelving location Date acquired Source of acquisition Cost, normal purchase price Total Checkouts Full call number Barcode Date last seen Copy number Price effective from Koha item type
    Library of Congress Classification     General Circulation AIU/NEGST - Tony Wilmot Memorial Library AIU/NEGST - Tony Wilmot Memorial Library General Stacks 02/05/2010 Donation 10.00   PL 8017.D5L56 2000 R07705X3232 09/26/2019 1 02/05/2010 Books
    Library of Congress Classification     Thesis AIU/NEGST - Tony Wilmot Memorial Library AIU/NEGST - Tony Wilmot Memorial Library Thesis in Reference 05/26/2018 Donation     THE PL 8017.D5L56 2000 R09117W3232 09/26/2019 2 05/26/2018 Reference